书目信息 |
| 题名: |
基础化学
|
|
| 作者: | 陆艳琦 , 邹春阳 , 杨家林 主编 | |
| 分册: | ||
| 出版信息: | 武汉 华中科技大学出版社 2022.07 |
|
| 页数: | 321页 | |
| 开本: | 28cm | |
| 丛书名: | 高等职业学校“十四五”规划新形态一体化特色教材 | |
| 单 册: | ||
| 中图分类: | O6 | |
| 科图分类: | ||
| 主题词: | 化学--hua xue--职业大学--教材 | |
| 电子资源: | ||
| ISBN: | 978-7-5680-8345-4 | |
| 000 | 01779nam 2200277 450 | |
| 001 | 28767 | |
| 005 | 20221011085940.77 | |
| 010 | @a978-7-5680-8345-4@dCNY68.90 | |
| 100 | @a20220818d2022 em y0chiy50 ea | |
| 101 | 0 | @achi |
| 102 | @aCN@b420000 | |
| 105 | @aa z 000yy | |
| 200 | 1 | @a基础化学@Aji chu hua xue@f主编陆艳琦, 邹春阳, 杨家林 |
| 210 | @a武汉@c华中科技大学出版社@d2022.07 | |
| 215 | @a321页@c图@d28cm | |
| 225 | 2 | @a高等职业学校“十四五”规划新形态一体化特色教材@Agao deng zhi ye xue xiao “ shi si wu ” gui hua xin xing tai yi ti hua te se jiao cai |
| 330 | @a本书分为理论知识和学生实训两部分内容。理论内容共分为十八章, 第一章至第七章为无机化学部分, 包括溶液浓度及稀溶液的依数性、化学反应速率与化学平衡、物质结构基础、电解质溶液、胶体分散系与粗分散系、氧化还原反应与电极电势及配位化合物知识 ; 第八章至第十八章为有机化学部分, 包括有机化合物概述、烃、卤代烃、醇、酚、醚、醛、酮、酿、羧酸、取代羧酸、羧酸衍生物、立体异构、含氮有机化合物、杂环化合物和生物碱、萜类和甾族化合物、糖类和脂类、氨基酸、蛋白质和核酸知识。实训部分包含学生实训基础知识、溶液的配制与稀释、化学反应速率和化学平衡、缓神溶液的配制和性质、胶体溶液的配制和性质、熔点的测定、醇、酚、醛、酮、羧酸和取代羧酸的性质、乙酰水杨酸的制备和性质、葡萄糖溶液比旋光度的测定、胺和酰胺、糖类、氨基酸和蛋白质的性质, 共十四个实训内容。实训编写力求锻炼学生基本的化学实验操作能力, 为后续专业课程实验打基础。 | |
| 333 | @a供临床医学类、护理类、药学类、中医药类、医学技术类等专业使用 | |
| 410 | 0 | @12001 @a高等职业学校“十四五”规划新形态一体化特色教材 |
| 606 | 0 | @a化学@Ahua xue@x职业大学@j教材 |
| 690 | @aO6@v5 | |
| 701 | 0 | @a陆艳琦@Alu yan qi@4主编 |
| 701 | 0 | @a邹春阳@Azou chun yang@4主编 |
| 701 | 0 | @a杨家林@Ayang jia lin@4主编 |
| 801 | 0 | @aCN@c20220910 |
| 905 | @a河南城建学院图书馆@dO6@eL860@f2 | |
| 基础化学/主编陆艳琦, 邹春阳, 杨家林.-武汉:华中科技大学出版社,2022.07 |
| 321页:图;28cm.-(高等职业学校“十四五”规划新形态一体化特色教材) |
| 使用对象:供临床医学类、护理类、药学类、中医药类、医学技术类等专业使用 |
| ISBN 978-7-5680-8345-4:CNY68.90 |
| 本书分为理论知识和学生实训两部分内容。理论内容共分为十八章, 第一章至第七章为无机化学部分, 包括溶液浓度及稀溶液的依数性、化学反应速率与化学平衡、物质结构基础、电解质溶液、胶体分散系与粗分散系、氧化还原反应与电极电势及配位化合物知识 ; 第八章至第十八章为有机化学部分, 包括有机化合物概述、烃、卤代烃、醇、酚、醚、醛、酮、酿、羧酸、取代羧酸、羧酸衍生物、立体异构、含氮有机化合物、杂环化合物和生物碱、萜类和甾族化合物、糖类和脂类、氨基酸、蛋白质和核酸知识。实训部分包含学生实训基础知识、溶液的配制与稀释、化学反应速率和化学平衡、缓神溶液的配制和性质、胶体溶液的配制和性质、熔点的测定、醇、酚、醛、酮、羧酸和取代羧酸的性质、乙酰水杨酸的制备和性质、葡萄糖溶液比旋光度的测定、胺和酰胺、糖类、氨基酸和蛋白质的性质, 共十四个实训内容。实训编写力求锻炼学生基本的化学实验操作能力, 为后续专业课程实验打基础。 |
| ● |
| 相关链接 |
|
|
|
正题名:基础化学
索取号:O6/L860
 
预约/预借
| 序号 | 登录号 | 条形码 | 馆藏地/架位号 | 状态 | 备注 |
| 1 | 1581908 | 215819087 | 自科库401/401自科库 90排2列5层/ [索取号:O6/L860] | 在馆 | |
| 2 | 1581909 | 215819096 | 自科库401/401自科库 90排2列5层/ [索取号:O6/L860] | 在馆 |